00426cam a2200169ua 45000010005000000080039000050400009000440410008000530820013000611000037000742450048001112500009001592600030001683000017001986530019002156530022002343077150218n ii |||gr||||Z||||||asm cMAIN aasm a891.4513 aMahanta, Lakshmi Kanta,eAuthor. aJivan Kiyono lagecby Lakshmi Kanta Mahanta a1st. aDibrugarh:bBanalata,990. a387p:c23cm. aAssamese novel aJivan Kiyono lage